[Event "Montreal International"]
[Site "Montreal"]
[Date "1979.04.25"]
[Round "11"]
[White "Tal, Mihail"]
[Black "Hort, Vlastimil"]
[Result "1/2-1/2"]
[WhiteElo "2615"]
[BlackElo "2600"]
[Annotator "ChessBase"]
[PlyCount "115"]
[EventDate "1979.04.11"]
[EventType "tourn"]
[EventRounds "18"]
[EventCountry "CAN"]
[EventCategory "15"]
[SourceTitle "MCL"]
[Source "ChessBase"]
[SourceDate "1999.07.01"]
[SourceVersion "1"]
[SourceVersionDate "1999.07.01"]
[SourceQuality "1"]

1. e4 d6 2. d4 Nf6 3. Nc3 g6 4. Nf3 Bg7 5. Be2 O-O 6. O-O Bg4 7. Be3 Nc6 (7...
e5 $2 8. dxe5 dxe5 9. Nxe5 Qxd1 10. Bxd1 Bxd1 11. Raxd1 Nxe4 12. Nxg6 Nxc3 13.
Ne7+ Kh8 14. bxc3 Bxc3 15. Nd5 Be5 16. f4 Bd6 17. Bd4+ Kg8 18. Nf6+ Kg7 19. Rf3
$18) 8. Qd2 (8. Qd3 {Karpov} e5 9. d5 Ne7 10. Nd2 $5) (8. d5 Bxf3 9. Bxf3 Ne5
10. Be2 c6 $13) 8... e5 9. d5 (9. dxe5 dxe5 10. Rad1 Qxd2 $2 (10... Qc8 $142)
11. Rxd2 Rfd8 12. Rfd1 Rxd2 13. Rxd2 Ne8 $16 {><c7,e5} 14. Bb5 $5 (14. Nd5 Bxf3
15. Bxf3 Nd4 16. c3 Nxf3+ 17. gxf3 Bf8 18. f4 f6 19. fxe5 fxe5 20. Bg5 $16)
14... Bxf3 (14... Ne7 15. Bxe8 Rxe8 16. Nb5 $1) 15. Bxc6 $16) 9... Nb8 $6 (9...
Ne7 $142 {/\f7-f5} 10. Rad1 Bd7 11. Ne1 Ng4 12. Bxg4 Bxg4 13. f3 Bd7 14. f4
exf4 (14... Bg4 $5) 15. Bxf4 f5 16. Nf3 fxe4 17. Nxe4 Bg4 18. Rde1 Qd7 19. Neg5
Rae8 20. c4 $16 {Geller,E-Tal,M/Moscow/1975/}) 10. Rad1 Nbd7 11. h3 Bxf3 12.
Bxf3 Kh8 13. a4 Ng8 14. Be2 a6 15. a5 Qe7 16. b4 f5 17. exf5 gxf5 18. f4 $14
Qf6 (18... e4 $6 {><d4,e6} 19. Bc4 $16 {/\Nc3-e2-d4}) 19. fxe5 (19. Na4 $5 {
/\c4-c5}) 19... Qxe5 20. Bd4 Qxd4+ 21. Qxd4 Bxd4+ 22. Rxd4 Ne5 23. Bh5 $1 Ne7
24. Ne2 Rf6 25. Nf4 Rg8 26. Rb1 $1 {/\b4-b5} Rh6 27. Kf2 $1 N7g6 (27... Rg5 28.
b5 $1 Rgxh5 29. Nxh5 Rxh5 30. bxa6 bxa6 31. Rb7 $16 c5 32. Rd1) 28. Bxg6 Nxg6
29. Ne6 Ne5 30. b5 Rhg6 31. Nf4 Rg3 32. bxa6 bxa6 33. Rb3 (33. Rb7 Rc3 $1)
33... Rxb3 34. cxb3 Rb8 (34... Rc8 35. Rb4 $1) 35. b4 Rc8 36. Ne6 Kg8 37. Ke3
$2 (37. Kg3 $142 {Tal}) 37... c6 $1 {=/+/=} 38. Kf4 (38. dxc6 Kf7 $1 39. Rxd6
$2 Nc4+ $19) 38... Ng6+ 39. Kxf5 Ne7+ 40. Kg5 Nxd5 41. Kh6 Rb8 $1 (41... Re8
42. Rg4+ Kh8 43. Ng5 Re7 44. Rc4 $1 Rc7 45. Re4 Ne7 46. Rf4 Ng8+ 47. Kh5 Rd7
48. Rf7 $18 {Hort}) 42. Rg4+ Kf7 43. Re4 $1 Ke7 (43... Rxb4 $2 44. Ng5+ Kf6 45.
Re6+ Kf5 46. g4+ Kf4 47. Nxh7 c5 48. g5 $18) 44. Nd4+ (44. Ng5+ $142 Kd7 45.
Nxh7 $14 Rxb4 46. Nf6+ $1 Kd8 47. Re8+ $16) 44... Kd7 45. Rg4 Ne7 46. Rg7 Re8
47. Kxh7 (47. Nf5 c5 $1) 47... c5 48. bxc5 dxc5 49. Nf3 Kc6 50. Rg5 Nd5 51.
Ne5+ Kb5 $10 52. Nf7 Re7 53. Kg6 Rd7 54. Ne5 Rd6+ 55. Kf5 Ne7+ 56. Ke4 Rd4+ 57.
Kf3 Nd5 58. Nd7 (58. Nd7 Kc6 59. Ne5+ Kb5 60. Nd7) 1/2-1/2

[Event "AUT-ch"]
[Site "Voitsberg"]
[Date "1995.??.??"]
[Round "14"]
[White "Weinzettl, Ernst"]
[Black "Schlosser, Michael"]
[Result "0-1"]
[WhiteElo "2390"]
[BlackElo "2365"]
[Annotator "ChessBase"]
[PlyCount "80"]
[EventDate "1995.??.??"]
[EventType "tourn"]
[EventRounds "15"]
[EventCountry "AUT"]
[EventCategory "5"]
[SourceTitle "CBM 049 Extra"]
[Source "ChessBase"]
[SourceDate "1996.01.01"]
[SourceVersion "1"]
[SourceVersionDate "1996.01.01"]
[SourceQuality "1"]

1. Nf3 Nf6 2. d4 g6 3. Nc3 Bg7 4. e4 d6 5. Bf4 O-O 6. Qd2 Nc6 (6... Bg4) 7. d5
e5 $1 8. dxe6 Bxe6 9. O-O-O a6 10. Ng5 Bd7 11. f3 b5 12. Nd5 $2 (12. g4 Ne5 13.
Be2 b4 $40) 12... h6 13. Nh3 Bxh3 14. gxh3 Nxd5 15. exd5 (15. Qxd5 Qf6) 15...
Nd4 $1 {[/\ Sxf3, Df6]} 16. Bxh6 Nxf3 17. Qg5 Bxh6 18. Qxh6 Qg5+ $17 19. Qxg5
Nxg5 20. h4 Ne4 21. Rg1 Nf6 22. Rg3 Rfe8 23. Bh3 Kg7 24. Rf3 Re7 25. Rdf1 Nxd5
26. h5 Rh8 27. hxg6 fxg6 28. Kd2 Rh4 $1 29. c3 Rhe4 30. R1f2 Ne3 31. b3 R4e5
32. Rg3 Rd5+ 33. Kc1 Rd3 34. Bf5 Rd1+ (34... Rxc3+ $2 35. Kd2) 35. Kb2 Nxf5 36.
Rxf5 Re2+ 37. Ka3 Rdd2 38. c4 Rxa2+ 39. Kb4 c5+ 40. Kc3 b4+ 0-1

[Event "Interzonal-13c playoff place 4"]
[Site "Biel"]
[Date "1985.07.31"]
[Round "4"]
[White "Short, Nigel D"]
[Black "Van der Wiel, John"]
[Result "1/2-1/2"]
[WhiteElo "2575"]
[BlackElo "2520"]
[Annotator "ChessBase"]
[PlyCount "146"]
[EventDate "1985.07.27"]
[EventType "tourn"]
[EventRounds "9"]
[EventCountry "SUI"]
[EventCategory "12"]
[SourceTitle "IZT"]
[Source "ChessBase"]
[SourceDate "1999.07.01"]
[SourceVersion "1"]
[SourceVersionDate "1999.07.01"]
[SourceQuality "1"]

1. e4 d6 2. d4 Nf6 3. Nc3 g6 4. Nf3 Bg7 5. h3 O-O 6. Be3 c6 7. a4 Nbd7 8. a5
Qc7 9. Be2 e5 10. dxe5 Nxe5 11. O-O Re8 12. Nd2 Ned7 13. Nc4 Nxe4 14. Nxe4 Rxe4
15. Qxd6 Qxd6 16. Nxd6 Re7 17. Rfd1 Nf8 18. Nxc8 Rxc8 19. c3 a6 20. Rd2 Ne6 21.
Rad1 Be5 22. Bc4 Kg7 23. Bxe6 fxe6 24. Bc5 Rf7 25. Kf1 Bf4 26. Rd3 Bg5 27. Ke2
Re8 28. Rd7 Be7 29. Bxe7 Rexe7 30. Rxe7 Rxe7 31. Ke3 Rf7 {[#]} 32. Rd4 (32. f4
$1) 32... e5 33. Rd6 Kf8 34. Re6 Re7 {[#]} 35. Rd6 $16 (35. Rf6+ Rf7 36. Rxf7+
Kxf7 37. Kd3 $16) 35... Rf7 36. g3 Ke7 37. Rd2 Ke6 38. Ke4 g5 39. f3 Rf8 (39...
h5) 40. c4 h5 41. c5 h4 42. Rd6+ {Sealed move} Ke7 43. gxh4 Rf4+ 44. Kxe5 Rxh4
45. Rg6 Rh5 $5 {[#]} (45... Kf7) 46. Kf5 $16 (46. Rg7+ $18 Kf8 47. Rd7 g4+ 48.
Kd6 Ke8 49. Re7+ Kd8 50. hxg4 $18) 46... g4+ 47. Kxg4 Rxc5 48. Rg7+ Kf6 49.
Rxb7 Rg5+ 50. Kf4 Rxa5 51. Rb6 Ra4+ 52. Ke3 Ke5 53. Rxc6 Rb4 54. Rc5+ Kf6 55.
Rc2 a5 56. Kd3 Rb3+ 57. Kc4 Rxf3 58. Kb5 {Sealed move} Rf5+ 59. Kb6 a4 60. Ka6
Ke6 61. Rc4 Rf3 62. Rxa4 Rb3 63. Ra2 Kd6 64. h4 Kc6 65. h5 Rb8 66. Ka7 Rb7+ 67.
Ka8 Rh7 68. Ra3 Rxh5 69. Ka7 Kb5 70. Rb3+ Kc4 71. Rb6 Ra5+ 72. Kb7 Rb5 73. b3+
Kb4 1/2-1/2

[Event "Helsinki"]
[Site "Helsinki"]
[Date "1984.??.??"]
[Round "?"]
[White "Balashov, Yuri S"]
[Black "Pribyl, Josef"]
[Result "1-0"]
[WhiteElo "2535"]
[BlackElo "2455"]
[Annotator "ChessBase"]
[PlyCount "67"]
[EventDate "1984.06.??"]
[EventType "tourn"]
[EventRounds "9"]
[EventCountry "FIN"]
[EventCategory "8"]
[SourceTitle "MCL"]
[Source "ChessBase"]
[SourceDate "1999.07.01"]
[SourceVersion "1"]
[SourceVersionDate "1999.07.01"]
[SourceQuality "1"]

1. e4 g6 2. d4 Bg7 3. Nc3 c6 4. Nf3 d6 5. Be2 Nf6 6. O-O O-O 7. Re1 Qc7 8. Bf4
$5 Nbd7 9. e5 $1 Nh5 10. Bg5 $5 (10. exd6 exd6 11. Be3 f5 12. d5 f4 13. Bd4 $16
{Andersson,U-Van der Wiel,J/Tilburg/1984/}) 10... dxe5 11. Bxe7 Re8 12. d5 $1
Nf4 (12... Rxe7 13. d6 Qd8 14. dxe7 Qxe7 $16) 13. d6 Qb6 14. Bc4 h6 15. Ne4
Qxb2 16. a3 (16. Nfg5 $1 {Razuvaev} hxg5 17. Nxg5 Rf8 18. Bxf8 Bxf8 19. g3 Nh5
20. Bxf7+ Kg7 21. Qd3 $18) 16... Qb6 (16... Nb6 17. Ra2 $1 {Domination}) 17.
Qd2 a6 18. g3 Nd5 19. Rab1 Qa7 20. Bxd5 cxd5 21. Qxd5 b5 22. Neg5 $1 hxg5 23.
Nxg5 Rf8 24. Bxf8 Nxf8 25. Rbd1 $2 (25. d7 $1 Qxd7 (25... Bxd7 26. Qxf7+ Kh8
27. Re4 $18) 26. Qxa8 Bb7 27. Qb8 Qc6 28. f3 Bh6 29. Ne4 f5 30. Nd6 Ba8 $44)
25... Bg4 $1 26. Rd2 Rd8 $19 27. h3 Bc8 (27... Be6 $1 28. Nxe6 Nxe6 29. d7 Nd4
$19) 28. Rxe5 $1 Bxe5 29. Qxe5 Be6 (29... Qd7 30. Ne4 Qe6 31. Nf6+ Kh8 32. Qc3
Qe1+ 33. Kh2 Ne6 34. Nh5+ Kg8 35. Nf6+ Kg7 36. Ng4+ Kh7 37. Nf6+ Kh6 38. Ng4+
Kh7 $10) 30. Rd4 Nd7 $2 (30... Rc8 31. Rh4 f6 32. Qxf6 Qg7 33. Qf3 Rxc2 $17)
31. Qf4 Re8 32. Re4 Rf8 $4 (32... Nf8 33. Qf6 {/\Rh4} Nd7 34. Qf4 Nf8 $10) 33.
Qh4 Nf6 34. Qh6 {/\Rh4} 1-0

[Event "Lugano Open-13"]
[Site "Lugano"]
[Date "1988.??.??"]
[Round "?"]
[White "Spraggett, Kevin"]
[Black "Kindermann, Stefan"]
[Result "0-1"]
[WhiteElo "2580"]
[BlackElo "2500"]
[Annotator "ChessBase"]
[PlyCount "138"]
[EventDate "1988.03.??"]
[EventType "swiss"]
[EventRounds "9"]
[EventCountry "SUI"]
[SourceTitle "MainBase"]
[Source "ChessBase"]
[SourceDate "1999.07.01"]
[SourceVersion "2"]
[SourceVersionDate "1999.07.01"]
[SourceQuality "1"]

1. e4 d6 2. d4 g6 3. Nc3 Bg7 4. Nf3 Nf6 5. h3 O-O 6. Be3 c6 7. a4 Nbd7 8. a5 d5
$5 9. e5 (9. exd5 Nxd5 10. Nxd5 cxd5 11. Be2 (11. Bd3 e5 12. dxe5 Nxe5 13. Nxe5
Bxe5 14. c3 d4) 11... Nf6 12. O-O Ne4 $10) 9... Ne8 10. Be2 $6 (10. h4 $5 f6
11. exf6 exf6 12. h5 g5 13. h6 Bh8 14. Bd3 Qe7 {/\ Nd6}) (10. Bd3) 10... f6 11.
exf6 exf6 12. O-O Rf7 13. Bd3 Nf8 14. b3 Nd6 15. Ne2 Bf5 16. c4 Ne6 17. Nc3 Be4
18. a6 (18. c5 Bxd3 19. Qxd3 Nf5 20. Bd2 a6 21. Rfe1 Re7 {/\ Qc7, Rae8}) 18...
Rb8 19. c5 Bxd3 20. Qxd3 Nf5 21. axb7 Rfxb7 22. Nd2 Nxe3 $1 23. fxe3 (23. Qxe3
Re7 {/\ f5 >< d4}) 23... f5 $15 {/\ f4 >< e3} 24. Ne2 Rf7 (24... Qe8 {>=}) 25.
Ra6 $2 Qe8 26. Nf3 Re7 $17 {/\ Nc7} 27. Ra2 Bh6 {/\ 28...Nd8 29.Ne5 Nf7} 28.
Kf2 (28. Ne5 Nxc5) 28... Ng5 29. Nxg5 (29. Nf4 Ne4+ 30. Kg1 Ng3 $19) 29... Bxg5
30. Nf4 Bh4+ $1 31. Ke2 (31. g3 Bxg3+) (31. Kf3 g5 32. Ne2 Qh5+ $19) 31... Qf7
(31... g5 32. Nxd5 cxd5 33. Rxf5 $44) 32. Kd2 $6 (32. Qc3 Rbe8 (32... g5 $6 33.
Nd3 f4 34. Ne5) 33. Rf3 Bg5 34. g3 Bxf4 35. gxf4 g5 $1 36. Rg3 h6 {/\ Kh8-/+})
32... Rbe8 33. Rf3 g5 34. Ne2 f4 $19 35. Qa6 Qg6 36. g3 Qe4 37. Ng1 Qb1 (37...
Bxg3 38. Qxc6 Bf2 $19) 38. Ne2 (38. Rf1 Qxb3 39. gxh4 Rxe3 40. Rc2 Qb4+ $19)
38... Qe4 (38... Qh1 $1 $19) 39. Ng1 Qb1 40. Ne2 Rxe3 $4 41. Rxe3 fxe3+ 42. Kc3
Rb8 $5 (42... Bxg3 43. Nxg3 Qe1+ 44. Kd3 $8 (44. Kc2 e2 $1 $19) (44. Kb2 e2 45.
Nxe2 Rxe2+ 46. Ka3 Qc1+ 47. Kb4 Rxa2 48. Qxa2 Qe1+ 49. Ka4 a5 50. Ka3 Qb4+ $19)
44... Qxg3 45. Re2 Qc7 $17 {/\} 46. Rxe3 Rxe3+ 47. Kxe3 Qf4+ 48. Ke2 Qe4+ 49.
Kf1 Qf3+ 50. Ke1 Qe3+) 43. Qa4 $2 (43. Rb2 {>=} Qe1+ 44. Kc2 (44. Kd3 Rxb3+ 45.
Rxb3 Qd2#) 44... g4 $1 (44... Bxg3 $6 45. Nxg3 Qxg3 46. Qxc6 $132) 45. hxg4 Bg5
$17) 43... Qe1+ 44. Kd3 Qd1+ 45. Kc3 Bxg3 46. Nxg3 a5 $3 $19 47. Ne2 Rb4 48.
Qa3 Qe1+ 49. Kd3 a4 50. bxa4 (50. Rb2 Rxb3+ 51. Rxb3 Qd2#) 50... Qb1+ 51. Kxe3
(51. Kc3 Rc4#) 51... Rb3+ 52. Kf2 Qf5+ 53. Ke1 (53. Kg1 Qd3 $1) 53... Qxh3 54.
Qb2 (54. Qc1 Rb1) 54... Rxb2 55. Rxb2 Qa3 56. Rb7 Qxa4 57. Re7 Qb4+ 58. Kf2 Qd2
59. Re6 Kf7 60. Rh6 (60. Rxc6 g4 {/\ 61...g3 62.Kf3 Qd3}) 60... Qc2 61. Rxc6 g4
62. Rc7+ Kf6 63. Rc6+ Kg5 64. Rc7 g3+ 65. Ke1 Qb1+ 66. Kd2 Qa2+ 67. Kd1 Qa4+
68. Kc1 Qa5 69. Re7 Kf6 (69... Kf6 70. Re5 Qe1+ 71. Kc2 g2) 0-1

[Event "Vidmar Memorial-05"]
[Site "Bled/ Portoroz"]
[Date "1979.06.10"]
[Round "7"]
[White "Gligoric, Svetozar"]
[Black "Quinteros, Miguel Angel"]
[Result "1-0"]
[WhiteElo "2560"]
[BlackElo "2545"]
[Annotator "ChessBase"]
[PlyCount "105"]
[EventDate "1979.06.02"]
[EventType "tourn"]
[EventRounds "15"]
[EventCountry "SLO"]
[EventCategory "12"]
[SourceTitle "MCL"]
[Source "ChessBase"]
[SourceDate "1999.07.01"]
[SourceVersion "1"]
[SourceVersionDate "1999.07.01"]
[SourceQuality "1"]

1. d4 d6 2. e4 Nf6 3. Nc3 g6 4. Nf3 Bg7 5. Be2 O-O 6. O-O c5 7. dxc5 dxc5 8.
Be3 b6 9. e5 Ng4 10. Qd5 Qxd5 (10... Nxe3 $6 11. Qxa8 Nxf1 12. Qxb8 $16) 11.
Nxd5 Nc6 $1 $10 (11... Nxe3 $6 12. Nxe7+ Kh8 13. fxe3 $16) 12. Bg5 (12. Bb5
Ncxe5 $1) 12... Bb7 (12... Ngxe5 13. Rfe1 $13) 13. Rfe1 Ncxe5 14. Nxe7+ Kh8 15.
Nxe5 Nxe5 16. f4 $14 Nc6 (16... Nd7 17. Rad1 Rfd8 18. Nd5 f6 19. Bh4 $14) 17.
Bf3 Na5 18. Bxb7 Nxb7 19. c3 f6 20. Bh4 Rad8 21. Re2 Rd7 22. f5 $1 g5 (22...
Nd6 23. fxg6 Re8 24. Rae1 $16) 23. Bg3 Na5 $1 24. Rae1 Rf7 25. b4 cxb4 26. cxb4
Bf8 27. bxa5 Rfxe7 28. Re6 $1 $16 Kg7 (28... bxa5 29. Rxf6 Rxe1+ 30. Bxe1 $16)
29. axb6 axb6 30. Bf2 (30. Rxb6 $4 Rxe1+ 31. Bxe1 Bc5+ $19) 30... b5 31. g4 $1
{xg5} Rxe6 32. fxe6 Rc7 33. Bb6 Rb7 34. Bd4 Kg6 35. Rc1 Bd6 36. Rc6 Be7 (36...
Be5 $2 37. Bc5) 37. Rc8 h5 38. h3 hxg4 39. hxg4 b4 40. Kf2 Kg7 41. Ke3 b3 42.
axb3 Rxb3+ 43. Rc3 Rb1 (43... Rxc3+ 44. Bxc3 Kg6 45. Ke4 $18) 44. Ke4 Re1+ (
44... Rf1 45. Rf3 Rc1 $1 $16) 45. Kd5 Rd1 46. Rc7 Kf8 47. Ra7 Bd8 48. Ra1 Rxa1
$2 (48... Rd2 $1 $16) 49. Bxa1 Ke7 50. Bd4 Bc7 51. Bc5+ Ke8 52. Ke4 Be5 53. Bd4
1-0

[Event "Interzonal-13c playoff place 4"]
[Site "Biel"]
[Date "1985.07.29"]
[Round "3"]
[White "Short, Nigel D"]
[Black "Torre, Eugenio"]
[Result "1-0"]
[WhiteElo "2575"]
[BlackElo "2535"]
[Annotator "ChessBase/Nunn"]
[PlyCount "173"]
[EventDate "1985.07.27"]
[EventType "tourn"]
[EventRounds "9"]
[EventCountry "SUI"]
[EventCategory "12"]
[SourceTitle "IZT"]
[Source "ChessBase"]
[SourceDate "1999.07.01"]
[SourceVersion "1"]
[SourceVersionDate "1999.07.01"]
[SourceQuality "1"]

1. e4 {1)Nunn, John in BCM 1985, p.418-424: Interzonal play-off. Biel 27.
July-8 August. The fourth place was qualifying for the candidates. Short and
van der Wiel came out equal at this playoff. Because of his better rating at
the Interzonal tournament in Biel Short qualified for the candidates.} d6 2. d4
Nf6 3. Nc3 g6 4. Nf3 Bg7 5. h3 O-O 6. Be3 c6 7. Qd2 (7. a4) 7... b5 8. Bd3 Nbd7
9. Bh6 e5 10. Bxg7 Kxg7 11. dxe5 dxe5 12. a4 b4 13. Ne2 c5 14. Qe3 Qc7 15. Nd2
a5 16. O-O Nh5 17. Rfd1 Nb6 18. Nc4 Be6 19. Nxb6 Qxb6 20. Bb5 Rfd8 21. Kf1 Qc7
22. h4 Rd6 23. g3 Rad8 24. Ke1 c4 25. Ng1 Nf6 26. f3 {[#]} b3 $5 $17 27. Rxd6
Rxd6 (27... Qxd6 $17) 28. Rc1 Qd8 $11 (28... Qe7 $17 29. cxb3 $2 Rd3 $19 30.
Qf2 Qb4+) 29. cxb3 Rd3 30. Qf2 Rxb3 31. Bxc4 Bxc4 32. Rxc4 Qb8 33. Rc2 Qb4+ 34.
Qd2 Qxa4 35. Kf1 (35. Kf2 $2 Rxf3+ 36. Kxf3 Qxe4+ 37. Kf2 Ng4+ 38. Kf1 Ne3+ $19
) 35... Nd7 36. Kg2 Nf8 37. Ne2 Ne6 38. Qc1 Qb4 39. Nc3 Qd4 40. Re2 Qd3 41. Rf2
Qc4 {sealed move} (41... h5 $1 {Nunn} 42. Qa1 Qd8 43. Qa2 Nd4 44. Qa4 $11) 42.
h5 g5 43. Qh1 h6 44. Qh3 Nd4 45. Qd7 Qe6 46. Qc7 {[#]} Nb5 $2 {Nunn: Torre
panicked} 47. Qxa5 $14 Nxc3 (47... Qd6 48. Nd5 Nd4 49. Qa8 $14) 48. bxc3 Qd6 (
48... Rb1) 49. Rc2 Qb8 (49... Qf6 50. Qd5 Rb1 51. Rf2 $14) 50. c4 $16 Rb1 51.
Qc3 Qd6 52. Rb2 Rd1 53. c5 Qd4 54. Qxd4 exd4 55. Kh3 Rc1 {[%mdl 4096] [#]} 56.
Rd2 $2 (56. Rb4 $16 {Nunn}) 56... Rc4 57. Kg4 Kf6 58. f4 gxf4 59. gxf4 Ke6 60.
Rd1 f5+ (60... f6 $11 {Nunn} 61. c6 Rxc6 62. Rxd4 Rc1 $11 {Nunn}) 61. exf5+ Kf6
62. c6 Rxc6 63. Rxd4 Rc1 64. Rd6+ Kf7 65. Rxh6 $11 {[%mdl 4096] [#] Nunn} Rg1+
66. Kf3 Rf1+ 67. Kg3 Rg1+ 68. Kf2 Rh1 69. Kg2 Rh4 70. Kg3 Rh1 71. f6 Ke6 72.
f7+ Kxf7 73. Kg4 {[#]} Rg1+ $2 (73... Kg7 $11) 74. Kf5 $18 Rh1 75. Rh7+ {
Nunn: Nigel managed to reach one of the winning positions with the enemy king
cut off on the back rank.} Kg8 76. Rd7 Ra1 77. Ke6 Ra6+ 78. Rd6 Ra1 79. f5 Re1+
80. Kf6 Rf1 81. Rd8+ Kh7 82. Ke6 Kg7 83. h6+ Kxh6 84. f6 Re1+ 85. Kf7 Kh7 86.
Rd2 Rh1 87. Kf8 1-0

[Event "CSR-ch"]
[Site "Prague"]
[Date "1986.06.13"]
[Round "2"]
[White "Nun, Jiri"]
[Black "Ftacnik, Lubomir"]
[Result "1-0"]
[WhiteElo "2405"]
[BlackElo "2515"]
[Annotator "Dolmatov,S"]
[PlyCount "95"]
[EventDate "1986.06.??"]
[EventType "tourn"]
[EventRounds "15"]
[EventCountry "CSR"]
[EventCategory "7"]
[SourceTitle "MCL"]
[Source "ChessBase"]
[SourceDate "1999.07.01"]
[SourceVersion "1"]
[SourceVersionDate "1999.07.01"]
[SourceQuality "1"]

1. e4 d6 2. d4 Nf6 3. Nc3 g6 4. Be2 c6 5. Nf3 Bg7 6. O-O O-O 7. h3 Nbd7 8. a4
e5 9. dxe5 dxe5 10. Be3 Qe7 11. Qd3 Nh5 $6 (11... Nc5 12. Qc4 Nfd7 13. b4 Ne6
14. a5) (11... a5 $5 12. Rfd1 Nc5 13. Qc4 Nfd7 $132) 12. Rfd1 Nf4 13. Qd6 Nxe2+
14. Nxe2 Qxd6 15. Rxd6 f5 (15... Nf6 16. Nc3 Be6 17. Rad1 $14) 16. Rad1 Nf6 (
16... fxe4 $5 17. Ng5 Nb6 18. b3 Nd5 $14) 17. Nc3 f4 (17... Re8 18. Rd8 Be6 19.
Rxe8+ Nxe8 20. Ng5 $16) 18. Bc5 b6 19. Ba3 c5 20. a5 $1 $16 Ne8 $8 21. R6d2 Bb7
22. Ng5 Nc7 (22... Bh6 $2 23. Ne6 Rf6 24. Nd8 $1 $18) 23. axb6 axb6 24. Rd6 Rf6
25. Rd8+ Rxd8 26. Rxd8+ Rf8 27. Rd7 Rc8 28. Ne6 $1 (28. Rd6 $6 b5 29. Bxc5 Bf8
30. Rb6 Bxc5 31. Rxb7 Bd4 $14) 28... Nxe6 29. Rxb7 f3 (29... Rc6 30. Nd5 $18)
30. Rxb6 $18 Nd4 31. Nd5 Bf8 32. Rb7 Kh8 33. c3 Ne2+ 34. Kf1 fxg2+ 35. Kxg2 c4
36. Kf1 (36. Rf7 Bxa3 (36... Kg8 37. Rxf8+ Rxf8 38. Bxf8 Kxf8 39. Ne3 $18) (
36... Nf4+ 37. Nxf4 Bxa3 38. Nd5 Kg8 39. Rb7 $18) 37. Nf6 $18) 36... Nf4 37.
Nxf4 exf4 38. Bxf8 Rxf8 39. Ke2 g5 40. Kf3 Rd8 41. Kg4 Rd2 42. f3 h6 43. Kf5
Kg8 44. e5 Rd3 45. Kg6 Kf8 46. Kf6 Kg8 47. e6 Rxf3 48. e7 1-0

[Event "Dortmund SuperGM 24th"]
[Site "Dortmund"]
[Date "1996.07.11"]
[Round "6"]
[White "Leko, Peter"]
[Black "Shirov, Alexei"]
[Result "0-1"]
[WhiteElo "2630"]
[BlackElo "2685"]
[Annotator "Dolmatov,S"]
[PlyCount "120"]
[EventDate "1996.07.05"]
[EventType "tourn"]
[EventRounds "9"]
[EventCountry "GER"]
[EventCategory "18"]
[SourceTitle "CBM 054"]
[Source "ChessBase"]
[SourceDate "1996.10.01"]
[SourceVersion "1"]
[SourceVersionDate "1996.10.01"]
[SourceQuality "1"]

1. e4 g6 2. d4 Bg7 3. Nc3 c6 4. Nf3 d6 5. a4 (5. Be2) 5... Nf6 6. Be2 O-O 7.
O-O Nbd7 8. Bf4 (8. Be3 Qc7 9. Qd2 b6 10. Bh6 Bb7 11. Rad1 Rad8 12. Rfe1 e5 13.
Bg5 a6 14. Bf1 $10 {Short,N-Shirov,A/Novgorod/1994/}) 8... Re8 9. Re1 (9. h3 $5
Qc7 10. e5 Nh5 11. exd6 exd6 12. Bh2 Nf8 13. Qd2 $14) 9... Qc7 10. e5 Nh5 11.
exd6 exd6 12. Be3 d5 13. Qd2 Nf8 14. Ne5 Nf6 (14... Bxe5 15. dxe5 Qxe5 16. Bxa7
Rxa7 17. Bxh5 $18) 15. Bf4 $6 (15. a5 $5 Ne6 $10) 15... Ne6 16. Nxg6 $2 Qb6 17.
Nh4 Nxf4 (17... Qxd4 18. Qxd4 Nxd4 19. Bd3 Bd7) 18. Qxf4 Qxb2 19. Qd2 Ne4 20.
Nxe4 dxe4 (20... Rxe4 21. Bd3 Rxe1+ (21... Qxd4 22. Nf3 $16) 22. Rxe1) 21. Rad1
Qa2 22. Qf4 Qe6 (22... Qxc2 23. Bg4 $40) 23. c4 $2 (23. h3 Qf6 24. Qg3 Be6 25.
Bg4) 23... Bd7 24. h3 $2 (24. a5 b6 25. axb6 axb6 26. h3) 24... Qf6 25. Qg3 c5
$1 26. dxc5 Bxa4 27. Rd6 (27. Rd5 Qc3 $17 28. Rf1 Qxg3 29. fxg3 Bc6 30. Rg5 h6
31. Rg4 Bd7 32. Nf5 Bxf5 33. Rxf5 a5 $17) 27... Qc3 $17 28. Rf1 Qxg3 29. fxg3
Be5 (29... Bc6 30. Nf5 a5 31. Bh5) 30. Nf5 Bxd6 31. cxd6 Bd7 $1 (31... Re6 32.
c5) 32. Nh6+ Kg7 33. Rxf7+ Kxh6 34. Rxd7 Red8 35. Rxb7 Rxd6 36. Bg4 (36. c5 Rc6
37. Rb5 a5 38. Bc4 a4 (38... Rac8 39. Rxa5 Rxc5 40. Ra6+ R8c6 41. Rxc6+ Rxc6
42. Bd5 Rc1+ 43. Kf2 Rc2+ 44. Ke3 Rxg2 45. Kf4 e3 $19) 39. Bd5 a3 40. Rb1)
36... Rf6 37. c5 a5 38. c6 (38. Bd7 a4 39. c6 a3 $19) 38... Rxc6 39. Bf5 Rca6
40. Rxh7+ (40. h4 R8a7 $19) 40... Kg5 41. Bxe4 R8a7 42. Rh8 a4 43. Rc8 a3 44.
Rc1 a2 45. Ra1 Rd6 46. Kh2 Rd2 47. h4+ Kg4 48. Bf3+ Kf5 49. Kh3 Ra5 50. Bg4+
Ke5 51. Bh5 Kf6 52. Bf3 Ra4 53. Bc6 Rb4 54. Bd5 Rxd5 55. Rxa2 Rd6 56. Rf2+ Kg6
57. Ra2 Rb3 58. Ra8 Kh7 59. Ra7+ Kh6 60. Rf7 Rdd3 0-1